000
00337nam a2200169Ia 4500
100
_a
Laxman/R.K
650
_a
Fiction
942
_c
BK
366
_f
17.5
654
_a
laughter
245
_a
A dose of laughter
260
_b
Penquin books
_c
2002
082
_a
808.83/LAX
_b
LAX
300
_a
200
546
_a
ENGLISH
999
_c
23903
_d
23903